000 00804nam a2200241Ia 4500
003 OSt
005 20220923222005.0
006 a|||||r|||| 00| 0
007 ta
008 220922b |||||||| |||| 00| 0 hin d
024 _a201,523
037 _cTextual
040 _aARTS
_cARTS
_bhin
041 _2hin
_ahin
082 _aV2:73.F, 152M9
100 _aगुप्त, परमेश्वरी
245 0 _aप्राचीन भारतीय मुद्राएं
246 _aPrāchīn bhāratīya mudrāean
260 _aवाराणसी
_b विश्वविद्यालय प्रकाशन
_c1989
300 _a106पृ.
_ccm.
942 _hV2:73.F, 152M9
_cTEXL
_2CC
999 _c353176
_d353176